Litterature Vietnamienne.

সংরক্ষণ করুন:
গ্রন্থ-পঞ্জীর বিবরন
বিন্যাস: Sách giấy
ভাষা:Vietnamese
প্রকাশিত: H. : [s.n.], 1979.
বিষয়গুলি:
ট্যাগগুলো: ট্যাগ যুক্ত করুন
কোনো ট্যাগ নেই, প্রথমজন হিসাবে ট্যাগ করুন!
Thư viện lưu trữ: Thư viện Trường Đại học Đà Lạt
LEADER 00597nam a2200277 4500
001 DLU110122549
005 ##20110614
040 # # |a DLU  |b vie 
041 # # |a vie 
044 # # |a vn 
082 # # |a 895.922  |b Lit 
245 # # |a Litterature Vietnamienne. 
260 # # |a H. :  |b [s.n.],  |c 1979. 
300 # # |a 1028 tr. ;  |c 21 cm. 
653 # # |a Văn học Việt Nam 
923 # # |a 06/2011 
991 # # |a SH 
992 # # |a 11000 
994 # # |a DLU 
900 # # |a True 
911 # # |a Đào Thị Thu Huyền 
925 # # |a G 
926 # # |a A 
927 # # |a SH 
980 # # |a Thư viện Trường Đại học Đà Lạt